Statistics for All Brawl Stars Brawlers Based On Their Supers Descriptions

Click here to take the quiz!

General Stats

  • This quiz has been taken 345 times
  • The average score is 30 of 33

Answer Stats

Description of Brawlers SupersBrawler% Correct
Shoots a barrage of rockets that destroys coverBrock
98%
Throws multiple bottles at enemies, damaging themBarley
96%
Shoots out bees that slow down enemiesBea
96%
Throws 3 hidden mines that destroy cover and knock enemies backBo
96%
Spins around swinging their pickaxe doing damage to any close enemiesCarl
96%
Throws a barrel of dynamite that destroys coverDynamike
96%
Spawns in a bearNita
96%
Spits a big bouncing ball of bubblegumBibi
95%
Leaps off the ground launching poison daggers right when they jump and when they landCrow
95%
Rolls around in their bouncing barrelDarryl
95%
Spawns a turret that does damage to enemiesJessie
95%
Makes their self invisibleLeon
95%
Speeds up self and all friendly brawlersMax
95%
Destroys cover and does damage out of their 2 gunsColt
94%
Smack the ground with their hammer stunning enemiesFrank
94%
Bats take health from enemies and gives it to themMortis
94%
Has a porter that spawns in penguins which do little damage and can find brawlers even if they're in a bushMr. P
94%
Has a magic hand that pulls enemies closeGene
93%
Has a healing turret.Pam
93%
Bouncing bullets that do damage to enemiesRico
93%
Charges at enemies and destroys coverBull
92%
Drops an elbow that damages enemies and destroys coverEl Primo
92%
Has a cannon that does damage to enemies.Penny
92%
Throws spikes on the ground that slows enemies and does damage over timeSpike
92%
Leaps away and drops 4 grenades on the groundPiper
90%
Heals self and friendly brawlersPoco
90%
Throws a damage booster on the ground that boosts themselves and all friendly brawlers8-Bit
88%
Puts a storm down that makes self and all friendly brawlers invisibleSandy
88%
Uses their head that seeks out enemies and explodes when it hits an enemy or loses all healthTick
88%
Has a cloud of toxicity that slows and damages enemiesEmz
87%
Has a portal that sucks in enemies and does damageTara
87%
Calls vines to help stop damageRosa
76%
Destroys cover and knock enemies backShelly
69%

Score Distribution

Percentile by Number Answered

Percent of People with Each Score

Your Score History

You have not taken this quiz